Statistical learning from a regression perspective / (Record no. 20642)

MARC details
000 -LEADER
fixed length control field 00574nam a22001817a 4500
008 - FIXED-LENGTH DATA ELEMENTS--GENERAL INFORMATION
fixed length control field 250211b |||||||| |||| 00| 0 eng d
020 ## - INTERNATIONAL STANDARD BOOK NUMBER
International Standard Book Number 9783030429232
040 ## - CATALOGING SOURCE
Original cataloging agency KABU
Transcribing agency KABU
050 ## - LIBRARY OF CONGRESS CALL NUMBER
Classification number QA278.2
Item number .B47 2020
100 ## - MAIN ENTRY--PERSONAL NAME
Personal name Berk, Richard A.
245 ## - TITLE STATEMENT
Title Statistical learning from a regression perspective /
Statement of responsibility, etc. Richard A. Berk
250 ## - EDITION STATEMENT
Edition statement 3rd ed.
260 ## - PUBLICATION, DISTRIBUTION, ETC. (IMPRINT)
Place of publication, distribution, etc. Cham, Switzerland:
Name of publisher, distributor, etc. Springer,
Date of publication, distribution, etc. 2020
300 ## - PHYSICAL DESCRIPTION
Extent xxvi, 433p.
Other physical details Includes bibliographical references and index
440 ## - SERIES STATEMENT/ADDED ENTRY--TITLE
Title Springer text in statistics
650 ## - SUBJECT ADDED ENTRY--TOPICAL TERM
Topical term or geographic name as entry element Regression analysis
942 ## - ADDED ENTRY ELEMENTS (KOHA)
Source of classification or shelving scheme Library of Congress Classification
Koha item type General Collection
Holdings
Withdrawn status Lost status Source of classification or shelving scheme Not for loan Home library Current library Shelving location Date acquired Cost, normal purchase price Inventory number Total Checkouts Full call number Barcode Date last seen Copy number Price effective from Koha item type
    Library of Congress Classification   Kabarak, Main Campus Kabarak, Main Campus General Stacks 11/02/2025 8961.00 2024/0597   QA278.2 .B47 2020 C.1 34028 11/02/2025 C.1 11/02/2025 General Collection
Designed with assistance from East African Informatics Ltd